Quizzes
Events
Quiz Creation
Community
Videos
Private Events
Remove Ads
Sign In
Join for FREE
Feedback
Dark Mode
Quiz Categories
Sports
Geography
Music
Movies
Television
Just For Fun
Miscellaneous
History
Literature
Language
Science
Gaming
Entertainment
Religion
Holiday
For Kids
Quiz Lab
Recent
Popular Today
Quiz Kudos Today
Editor Picks
Curator Picks
Quizzes by...
Day
Popularity
Type
Ratings
Length
Year
Community
Subscriptions
Recent Discussions
Orange Saloon
Badges
Playlists
Quests
Create
Leaderboards
Showdown
Live 5
Trivia Bingo
Activity
Puzzle Library
Sporcle Events
Private Events
Virtual Trivia
Globe League
Become a Host
Pub Owners
SporcleCon
Opinionation
Our Games
Videos
Blog
Mobile Apps
Partnerships
Remove Ads and Go Orange
Feedback
Gaming
Video Games
Board Games
Card Games
Pokémon
Mario
Nintendo
Minecraft
Console
Toys
Legend of Zelda
Gaming
Video Games
Board Games
Card Games
Pokémon
Mario
Nintendo
Minecraft
Console
Toys
Legend of Zelda
Random Quiz
Search Sporcle
×
Quiz Lab
Quiz Lab
Gaming
Layton
Type in answers that appear in a list
Type in answers that appear in a list
Classic
Best Score? Go Orange.
Ultimate Professor Layton Quiz Stats
Can you name the everything about professor layton?
By
loladoodles213
11m
15 Questions
347 Plays
347 Plays
347 Plays
Comments
Comments
Give Quiz Kudos
Give Quiz Kudos
-
- Ratings
hide this ad
Replay
Link that replays current quiz
Next Quiz
Link to next quiz in quiz playlist
You Got
0%
They Got
Avg Score
27%
Avg Friend Score
Upgrade to see
Score Distribution
Jump to the score distribution portion of the page
Score
0/15
Timer
11:00
0
Plays Today
hint
answer
% Correct
Professor Layton's Apprentice
Luke Triton
90.2%
Professors Full Name
Professor Hershel Layton
76.1%
Game 1
Curious Village
36.6%
Game Genre
Puzzle
33.1%
Game 3
Unwound Future
31.4%
Game 2
Diabolical Box
30.3%
Laytons Old Girl friend
Claire Foley
29.7%
Inspector
Inspector Chelmey
21.9%
hint
answer
% Correct
Game 5
Mask of Miracle
13.5%
Game 4
Specters Flute
9.8%
Place to Get Old Puzzles
Granny Riddleton
8.6%
Movie
Eternal Diva
7.8%
Developer
Level-5
6.9%
Game System
Nintendo DS
6.1%
Country of Origin
Japan
3.7%
Quiz Playlist
Details
Report
Send in Message
Add To Playlist
Classic:
Type in answers that appear in a list
Last Updated: Feb 7, 2024
Quiz Scoreboard
CHALLENGE
Sign Up to Join the Scoreboard
Show All
Scores
Hide
Comments
May contain spoilers
Recently Published
Pick 6: Fruits
by JohnFran
Miscellaneous
15s
Click the 1999 NBA Draft
by nibperrychub
Sports
2m
Alphabetical 'K' Countries by Flag Minefield
by ylime102
Geography
3m
More to Explore
Quiz From the Vault
Featured Blog Post
15 Basketball Trivia Facts You Can Be March Mad About
hide this ad
You Might Also Like...
Tags
Everything
Layton
professor
ultimate
Today's Top Quizzes in Gaming
Browse Gaming
hide this ad
Top Contributed Quizzes in Gaming
1
Video Game Rainbow Blitz
2
Genshin Impact Logic Puzzle
3
Pokémon Gen IV Logic Puzzle (HARD)
4
Rainbow Six Siege Operators by Picture
5
Genshin Impact Logic Puzzle Quiz
6
Pokémon Logic Puzzle (DIFFICULT)
7
Ordering Roman Numerals: Pokémon
8
Magic: the Gathering Set Symbols - LCI
9
St. Patrick's Pick: Gaming
10
Wii Remote Buttons
Explore More
Trending Topics
Kpop
Harry Potter
Anime
Crossword
Disney
Marvel
NBA
Puzzle
Song
Country
Soccer
NFL
Pokémon
WWE
The Office
hide this ad
More By:
loladoodles213
Quiz
Plays
Rating
Category
Featured
Created
Ultimate Professor Layton Quiz
347
1.00
Gaming
Jan 15, 2011
Go to Creator's Profile
Score Distribution
Quiz Creator Spotlight
loladoodles213
Follow
Send a Message
Quizzes Created
-
Created Quiz Play Count
-
More By This Creator
Popular Quizzes Today
1
Countries of Asia Without Outlines Minefield
2
Find the US States - No Outlines Minefield
3
Pick 6: Fruits
4
Alphabetical 'K' Countries by Flag Minefield
5
The Countries of the World
6
Click the 1999 NBA Draft
7
Match the Book to the Film X
8
Find the US States
More Gaming Quizzes
Board Games by Nail Art
Published
Trending Quizzes
Pick 6: Harry Potter
Pick 6: Golfers
Donkey Kong Minefield
DC Extended Universe: Oldest to Newest
Multiplication Danger Zone
Recently Updated
Women's Final Four Teams by Year
bhenderson79
Presidents Quartet II
eogle
Anything But Clue(do)
eogle
Anything But Oceanian Capitals
eogle
Anything But 7
eogle
Anything But Thing
eogle
Word Ladder: February 29
pecheneg
Song Title Questions
pecheneg
Women's NCAA Tournament #1 Seeds
pecheneg
Celebrity Mug Shots
pecheneg
Trending Topics
Harry Potter
Anime
Kpop
Crossword
Marvel
NBA
Disney
Country
Puzzle
Soccer
NFL
Song
WWE
Pokémon
The Office
Your Account Isn't Verified!
In order to create a playlist on Sporcle, you need to verify the email address you used during registration. Go to your
Sporcle Settings
to finish the process.
Report this User
Report this user for behavior that violates our
Community Guidelines
.
Details:
Send Report
Go to the Sporcle.com Mobile Site →
Comments